000 00269 a2200121 4500
001 64415
082 _a001.6424 MCC
090 _c38044
_d38044
100 _aMcCracken, D.D
245 _aA Guide to Fortran W Programming
260 _cJohn Wiley
300 _a288p
942 _aCAE NUST
_k001.6424 MCC
999 _c299488
_d299488